التحليل السوسيولوچي لظاهرة الاغتراب الثقافي : (رقم التسجيلة. 178268)

تفاصيل مارك
000 -LEADER
fixed length control field 04374namaa22004211i 4500
003 - CONTROL NUMBER IDENTIFIER
control field OSt
005 - أخر تعامل مع التسجيلة
control field 20260302084732.0
008 - FIXED-LENGTH DATA ELEMENTS--GENERAL INFORMATION
fixed length control field 250827s2024 ua a|||frm||| 000 0 eng d
040 ## - CATALOGING SOURCE
Original cataloguing agency EG-GICUC
Language of cataloging ara
Transcribing agency EG-GICUC
Modifying agency EG-GICUC
Description conventions rda
041 0# - LANGUAGE CODE
Language code of text/sound track or separate title ara
Language code of summary or abstract ara
-- eng
049 ## - Acquisition Source
Acquisition Source إيداع
082 04 - DEWEY DECIMAL CLASSIFICATION NUMBER
Classification number 302.544
092 ## - LOCALLY ASSIGNED DEWEY CALL NUMBER (OCLC)
Classification number 302.544
Edition number 21
097 ## - Degree
Degree مــــاجستير
099 ## - LOCAL FREE-TEXT CALL NUMBER (OCLC)
Local Call Number Cai01.02.01.M.A.2024.مه.ت
100 0# - MAIN ENTRY--PERSONAL NAME
Authority record control number or standard number ،مها محمد إسماعيل عبد الحافظ
Preparation إعداد.
245 12 - TITLE STATEMENT
Title التحليل السوسيولوچي لظاهرة الاغتراب الثقافي :
Remainder of title دراسة تطبيقية على عينة من شرائح الشباب المصري /
Statement of responsibility, etc. إعداد مها محمد إسماعيل عبد الحافظ؛ إشراف أ.د/ أحمد مجدي حجازي، أ.د/ أمل حسن أحمد فراج.
246 15 - VARYING FORM OF TITLE
Title proper/short title The sociological analysis of cultural alienation phenomenon :
Remainder of title An applied study on a sample an egyptian youth classes /
264 #0 - PRODUCTION, PUBLICATION, DISTRIBUTION, MANUFACTURE, AND COPYRIGHT NOTICE
Date of production, publication, distribution, manufacture, or copyright notice 2024.
300 ## - PHYSICAL DESCRIPTION
Extent 257 صفحة :
Other physical details إيضاحيات ؛
Dimensions 25 cm. +
Accompanying material CD.
336 ## - CONTENT TYPE
Content type term text
Source rda content
337 ## - MEDIA TYPE
Media type term Unmediated
Source rdamedia
338 ## - CARRIER TYPE
Carrier type term volume
Source rdacarrier
502 ## - DISSERTATION NOTE
Dissertation note أطروحة (ماجستير)-جامعة القاهرة، 2024.
504 ## - BIBLIOGRAPHY, ETC. NOTE
Bibliography, etc. note بليوجرافيا: صفحات 232-240.
520 ## - SUMMARY, ETC.
Summary, etc. هدف الدراسة التعرف على التحليل السوسيولوجي للعوامل المشكلة للاغتراب الثقافي لدى الشباب، ورصد مظاهر اغتراب الشباب المصري بشرائحه المختلفة، وتحديد أوجه التباين بين الشرائح الشبابية المختلفة في الشعور بالاغتراب الثقافي. ولقد اعتمدت الدراسة على مدخل الثقافة الفرعية، ونظرية التحديث، ونظرية الغرس الثقافي، ونظرية الممارسة عند بيربرديو، والمفهوم الهابرمس في تشكيل المشاركة السياسية لدى الشباب، والعولمة الثقافية، ونظرية مجتمع المخاطر، واعتمدت الدراسة على المنهج الوصفي التحليلي، وتم استخدام أداة الاستبيان، كما أجريت الدراسة على عينة حجمها 250 مفردة من الشباب المصري.نتائج الدراسة: يعاني معظم الشباب المصري من اغتراب ثقافي، أسهم الإعلام في انتشار الاغتراب الثقافي لدى الشباب المصري.
520 ## - SUMMARY, ETC.
Summary, etc. The aim of the study is to identify the sociological analysis of the factors constituting cultural alienation among young people, monitor the manifestations of alienation of Egyptian youth in its different segments, and identify the differences between the different youth segments in the sense of cultural alienation. The study relied on the entrance to the subculture, the theory of modernization, the theory of cultural implantation, the theory of practice when Berberdieu, the concept of haberms in the formation of political participation among young people, cultural globalization, and the theory of the risk society, and the study relied on the descriptive analytical approach, and the questionnaire tool was used, and the study was conducted on a sample of 250 individuals of Egyptian youth.<br/>The results of the study: Most Egyptian youth suffer from cultural alienation, the media contributed to the spread of cultural alienation among Egyptian youth.
530 ## - ADDITIONAL PHYSICAL FORM AVAILABLE NOTE
Issues CD صدر أيضًا كقرص مدمج.
546 ## - LANGUAGE NOTE
Text Language النص بالعربية والملخص باللغة الإنجليزية والعربية.
650 #7 - SUBJECT ADDED ENTRY--TOPICAL TERM
Topical term or geographic name entry element الاغتراب
Source of heading or term qrmak
653 #0 - INDEX TERM--UNCONTROLLED
Uncontrolled term الاغتراب الثقافي
-- الشباب
-- الاختراق الثقافي
700 0# - ADDED ENTRY--PERSONAL NAME
Personal name أحمد مجدي حجازي
Relator term مشرف أطروحة.
700 0# - ADDED ENTRY--PERSONAL NAME
Personal name أمل حسن أحمد فراج
Relator term مشرف أطروحة.
900 ## - Thesis Information
Grant date 25-09-2024
Supervisory body أحمد مجدي حجازي
-- أمل حسن أحمد فراج
Discussion body نجلاء محمود رؤوف السيد المصيلحى
-- فاطمة الزهراء على أمين
Universities جامعة القاهرة
Faculties كلية الآداب
Department قسم علم الاجتماع
905 ## - Cataloger and Reviser Names
Cataloger Name Sara Salah
Reviser Names Afaf
942 ## - ADDED ENTRY ELEMENTS (KOHA)
Source of classification or shelving scheme Dewey Decimal Classification
Koha item type Thesis
Edition 21
Suppress in OPAC No
المقتنيات
Source of classification or shelving scheme Home library Current library Date acquired Inventory number Full call number Barcode Date last seen Effective from Koha item type
Dewey Decimal Classification المكتبة المركزبة الجديدة - جامعة القاهرة قاعة الرسائل الجامعية - الدور الاول 09.02.2026 32939 Cai01.02.01.M.A.2024.مه.ت 01010100032939000 09.02.2026 09.02.2026 Thesis
Cairo University Libraries Portal Implemented & Customized by: Eng. M. Mohamady Contacts: new-lib@cl.cu.edu.eg | cnul@cl.cu.edu.eg
CUCL logo CNUL logo
© All rights reserved — Cairo University Libraries
CUCL logo
Implemented & Customized by: Eng. M. Mohamady Contact: new-lib@cl.cu.edu.eg © All rights reserved — New Central Library
CNUL logo
Implemented & Customized by: Eng. M. Mohamady Contact: cnul@cl.cu.edu.eg © All rights reserved — Cairo National University Library